| 000 | 01056cam a22002891a 4500 | ||
|---|---|---|---|
| 001 | 35908 | ||
| 003 | BD-RjUL | ||
| 005 | 20211209052411.0 | ||
| 008 | 140611r19581900mau b 000 0 eng | ||
| 035 | _a(BD-RjUL)36004 | ||
| 035 | _a(OCoLC)739377 | ||
| 040 |
_aDLC _cOYU _dBD-RjUL _beng |
||
| 041 | 1 |
_aeng _hger |
|
| 082 |
_a320.509 _bGIP 1958 |
||
| 100 | 1 |
_aGierke, Otto Friedrich von, _d1841-1921. _917038 |
|
| 245 | 1 | 0 |
_aPolitical theories of the Middle Age / _cby Otto Gierke ; translated with an introduction by Frederic William Maitland. |
| 260 |
_aBoston : _bBeacon Press, _c1900 [Reprinted 1958]. |
||
| 300 |
_alxxx, 197 p. ; _c21 cm. |
||
| 500 | _aTranslation of: Die publicistischen Lehren des Mittelalters, a section of v. 3 of Das deutsche Genossenschaftsrecht. | ||
| 504 | _aBibliography: p. [lxiii]-lxxvii. | ||
| 650 | 0 |
_aPolitical science _xHistory. _9109337 |
|
| 650 | 0 |
_aCivilization, Medieval. _9109338 |
|
| 942 |
_2ddc _cBK |
||
| 999 |
_c35908 _d35908 |
||